Modele Volkswagena - nagła śmierć - Statystyki

Ogólne statystyki
  • Ten quiz został rozwiązany 205 razy
  • Średni wynik to 8 z 12
Answers on the Grid
Answers color-coded by a green-red scale on the quiz's grid according to % correct below.
Golf
Passat
Polo
Tiguan
T-Cross
Touran
Garbus
Vento
Sharan
Go
Crafter
Taigo
Mondeo
Punto
Vectra
Tico
Panamera
Corolla
Forester
Chiron
Santa Fe
Seltos
Fabia
Viano
Traveller
Guilia
Qashqai
Caro
Pirana
Takeri
Corsa
Camaro
 
Statystyki odpowiedzi
Odpowiedź % Poprawnych
Golf
88%
Passat
86%
Polo
84%
Tiguan
78%
Touran
77%
Garbus
72%
Sharan
68%
T-Cross
66%
Crafter
59%
Vento
36%
Go
33%
Taigo
31%
Nie znaleziono quizów pasujących do podanych kryteriów
Rozkład punktacji
Procent ludzi z każdym wynikiem
Percentyl według liczby udzielonych odpowiedzi
Twoja historia wyników
Nie rozwiązałeś tego quizu